00690nam a2200217 a 450000100060000000300080000600500170001400800410003103500190007204000270009104100080011808200220012611000500014824501020019826000480030030000350034850400380038365000110042165000190043270000210045171885BD-RjUL20211209082156.0170509s1965 nyua b 001 0 eng d a(BD-RjUL)72101 aDLCcDLCdBD-RjULbeng aeng a530223bAMM 19652 aAmerican Foundation for Continuing Education.14aThe mystery of matter /cAmerican Foundation for Continuing Education, edited by Louise B. Young. aNew York :bOxford University Press,c1965. axiii, 712 p. :bill. ;c24 cm. aIncludes bibliographies and index 0aMatter 0aLife (Biology)1 aYoung, Louise B.